000 00191 a2200097 4500
001 42965
100 _aBrawn
245 _aShakespeare
260 _aLondon
_bCollin
_c
090 _c26842
_d26842
942 _aNUST-CAE
_cM
_c18716
999 _c278038
_d278038